000 00264nam a22001217a 4500
008 181102b xxu||||| |||| 00| 0 eng d
041 _aeng
080 _a575
100 _a9
101 _aIMU
245 _aEssentials of Immunology
_cGordon,B.L
942 _2udc
_cBK
999 _c51691
_d51691